00425nam a2200145Ia 4500100002500000942000700025654001500032245003700047260003000084082001800114300000800132546001200140999001700152952011000169 aBuffa/B.S/ Dyer/J.S  cBK amanagement aEssentials of Management Science bJohn wileyaNEWYORKc1978 a658.4034bBUF a528 aENGLISH c21074d21074 001040708CRCaCRCEbCRCEd2023-03-17g109.75l0o658.4034 BUFp113r2023-03-17v109.75w2023-03-17yBK